Zyn Flavors (US and Europe) - Statistics

General Stats
  • This quiz has been taken 52 times
  • The average score is 11 of 23
Answer Stats
Flavors % Correct
Citrus
84%
Spearmint
81%
Cool Mint
79%
Wintergreen
79%
Cinnamon
77%
Peppermint
77%
Chill
74%
Coffee
74%
Smooth
72%
Apple Mint
65%
Black Cherry
63%
Menthol
60%
Lemon Spritz
44%
Cucumber Lime
33%
Bellini
28%
Espresso
23%
Original
19%
Gold
16%
Violet Licorice
16%
Ginger Blood Orange
7%
Freeze Mint
5%
Ice Mint
5%
Northern Woods
5%
No matching quizzes found
Score Distribution
Percent of People with Each Score
Percentile by Number Answered
Your Score History
You have not taken this quiz